Dopravné plánovanie /

Gespeichert in:
Bibliographische Detailangaben
Hauptverfasser: Čelko, Ján (Verfasst von), Ďurčanská, Daniela, 1958- (Verfasst von), Drličiak, Marek (Verfasst von), Kociánová, Andrea (Verfasst von), Mateček, Ľubomír (Verfasst von), Sitányiová, Dana (Verfasst von), Řezáč, Miloslav (Verfasst von)
Weitere Verfasser: Surovec, Pavel (Rezension), Skýva, Milan, 1944- (Rezension)
Format: Buch
Sprache:Slowakisch
Veröffentlicht: Žilina: Žilinská univerzita v Žiline, 2015
Ausgabe:1. vyd.
Schriftenreihe:Vysokoškolské učebnice
Schlagworte:
Tags: Tag hinzufügen
Keine Tags, Fügen Sie das erste Tag hinzu!

MARC

LEADER 00000nam a22000003a 4500
001 0080153
003 SK-STU
005 20240201134706.9
007 ta
008 200205s ----xo-----e------000-0-----d
020 |a 978-80-554-1112-5 
040 |a STU  |b slo 
041 0 |a slo  |h slo 
044 |a xo 
100 1 |a Čelko, Ján  |4 aut 
245 1 0 |a Dopravné plánovanie /  |c aut. Ján Čelko, Daniela Ďurčanská, Marek Drličiak, Andrea Kociánová, Ľubomír Mateček, Dana Sitányiová, Miloslav Řezáč ; rec. Pavel Surovec, Milan Skýva 
250 |a 1. vyd. 
260 |a Žilina:  |b Žilinská univerzita v Žiline,  |c 2015 
300 |a 265 s. 
490 0 |a Vysokoškolské učebnice 
650 0 7 |a dopravné plánovanie 
650 0 7 |a územné plánovanie 
650 0 7 |a dopravná infraštruktúra 
700 1 |a Ďurčanská, Daniela,  |d 1958-  |4 aut  |X 920  |7 A000000920 
700 1 |a Drličiak, Marek  |4 aut 
700 1 |a Kociánová, Andrea  |r Z5  |4 aut 
700 1 |a Mateček, Ľubomír  |r Z5  |4 aut 
700 1 |a Sitányiová, Dana  |4 aut 
700 1 |a Řezáč, Miloslav  |4 aut 
700 1 |a Surovec, Pavel  |4 rev 
700 1 |a Skýva, Milan,  |d 1944-  |4 rev  |X 3160  |7 A000003160 
996 |c V* 53028/O-24188  |l VV2  |s P  |a 0  |w 0080153_0001 
996 |b 284V037618  |c V* 53198/O-24358  |l VVT  |s A  |a 24  |w 0080153_0002 
996 |b 284V037700  |c V* 53286/O-24446  |l VVS  |s A  |a 24  |w 0080153_0003